000 00509nam a22001937a 4500
005 20240328123135.0
008 240328b |||||||| |||| 00| 0 eng d
020 _a8123911556
082 _a611
_bCHA-H
100 _aChaurasia's B.D
245 _aHuman Anatomy /
_bHead, Neck & Brain :
_cChaurasia's B.D
250 _a4th ed.
260 _aIndia :
_bCBS :
_c2007.
300 _axvi ;415p. :
_bill;
_c27.5 cm.
490 _vvol 1:
500 _aInclude Index .
650 _aMedical / Anatomy
999 _c35499
_d35499